Introduction to the English House Condition Survey (Record no. 68716)

MARC details
000 -LEADER
fixed length control field 01024cam a2200217 4500
001 - CONTROL NUMBER
control field ABS64671
008 - FIXED-LENGTH DATA ELEMENTS--GENERAL INFORMATION
fixed length control field 011030n2001 000 0 eng u
035 ## - SYSTEM CONTROL NUMBER
System control number (Sirsi) u115394
245 ## - TITLE STATEMENT
Title Introduction to the English House Condition Survey
260 ## - PUBLICATION, DISTRIBUTION, ETC.
Date of publication, distribution, etc. 2001
490 ## - SERIES STATEMENT
Series statement BURISA
Volume/sequential designation (149) October 2001, 2-5(4)
520 ## - SUMMARY, ETC.
Summary, etc. Government housing policy is to offer everyone the opportunity of a decent home. One of the key measures of changing housing conditions in England is provided by the English House Condition Survey (ECHS). This article provides an introduction to the survey, explaining its methodology, and how the results of the EHCS are used, together with some information about recent EHCS innovations and developments, and the survey's forthcoming change to an annual format. Taken from journal headnote.
590 ## - LOCAL NOTE (RLIN)
Local note ABS
650 ## - SUBJECT ADDED ENTRY--TOPICAL TERM
Topical term or geographic name entry element EHCS
650 ## - SUBJECT ADDED ENTRY--TOPICAL TERM
Topical term or geographic name entry element ENGLISH HOUSE CONDITION SURVEY
650 ## - SUBJECT ADDED ENTRY--TOPICAL TERM
Topical term or geographic name entry element HOUSING POLICY
650 ## - SUBJECT ADDED ENTRY--TOPICAL TERM
Topical term or geographic name entry element DTLR
650 ## - SUBJECT ADDED ENTRY--TOPICAL TERM
Topical term or geographic name entry element HOUSING STOCK
690 ## - LOCAL SUBJECT ADDED ENTRY--TOPICAL TERM (OCLC, RLIN)
Topical term or geographic name as entry element HOUSING
942 ## - ADDED ENTRY ELEMENTS (KOHA)
Suppress in OPAC 0
Holdings
Withdrawn status Lost status Source of classification or shelving scheme Damaged status Not for loan Home library Current library Shelving location Date acquired Total Checkouts Full call number Barcode Date last seen Copy number Price effective from Koha item type
    Dewey Decimal Classification     London London Journal article 30/10/2001   ABS64671 115394-1001 06/08/2019 1 06/08/2019 Journal article